[Event "Campo Grande Fabom op 2nd"]
[Site "Campo Grande"]
[Date "2021.05.06"]
[Round "5"]
[White "Amorim, Adao Rosendo"]
[Black "De Lucena, Evanildo Santos"]
[Result "0-1"]
[WhiteElo "1312"]
[BlackElo "1498"]
[PlyCount "132"]
[EventDate "2021.04.08"]
[EventType "swiss"]
[EventRounds "6"]
[EventCountry "BRA"]
[SourceTitle "EXT 2022"]
[Source "ChessBase"]
[SourceDate "2021.10.06"]
[SourceVersion "1"]
[SourceVersionDate "2021.10.06"]
[SourceQuality "1"]

1. e4 c5 2. Nf3 d6 3. Nc3 Nf6 4. d4 cxd4 5. Nxd4 Nc6 6. Bb5 Bd7 7. Nf3 e6 8. Bg5 Be7 9. Bc4 0-0 10. Bb3 a6 11. h3 Ne8 12. h4 h6 13. Bf4 e5 14. Be3 Bg4 15. h5 Nf6 16. Qd2 Kh7 17. Nh4 Nxh5 18. Nd5 Bxh4 19. g3 Bg5 20. Nb6 Rb8 21. Nd5 Bf3 22. Rg1 Bxe4 23. 0-0-0 Bxe3 24. Nxe3 Nd4 25. Qb4 Ne2+ 26. Kb1 Nxg1 27. Qxe4+ g6 28. Rxg1 Nf6 29. Qd3 Qd7 30. Qd2 Rbd8 31. Rh1 h5 32. c4 Qc6 33. Rc1 Qe4+ 34. Ka1 Qd4 35. Qe1 Rc8 36. Rd1 Qc5 37. g4 Nxg4 38. Nxg4 hxg4 39. Qh1+ Kg7 40. Qxb7 Qxf2 41. Qh1 g3 42. Qh4 Qh2 43. Qe4 g2 44. Qg4 Qh1 45. a4 Rh8 46. Ka2 Qh3 47. Qe4 f5 48. Qb7+ Kh6 49. Rg1 Rb8 50. Qxg2 Qxb3+ 51. Kb1 Qd3+ 52. Qc2 Qxc2+ 53. Kxc2 Kg7 54. Kb1 Rhe8 55. Rc1 Rbc8 56. b3 f4 57. Kc2 f3 58. Kd3 f2 59. Ke2 Rf8 60. Rd1 f1Q+ 61. Rxf1 Rxf1 62. Kxf1 Kf6 63. Ke2 Ke6 64. Kf3 d5 65. Kg4 dxc4 66. bxc4 Rxc4+ 0-1

[Event "Rio de Janeiro CXFabom op 1st"]
[Site "Rio de Janeiro"]
[Date "2021.03.18"]
[Round "5"]
[White "Amorim, Ana Laura dos Santo"]
[Black "Amorim, Adao Rosendo"]
[Result "1/2-1/2"]
[WhiteElo "1233"]
[BlackElo "1339"]
[PlyCount "91"]
[EventDate "2021.02.18"]
[EventType "swiss"]
[EventRounds "6"]
[EventCountry "BRA"]
[SourceTitle "EXT 2022"]
[Source "ChessBase"]
[SourceDate "2021.10.06"]
[SourceVersion "1"]
[SourceVersionDate "2021.10.06"]
[SourceQuality "1"]

1. e4 e5 2. d3 Nc6 3. Nf3 Nf6 4. g3 d6 5. Be3 Bg4 6. Nbd2 d5 7. Bg2 d4 8. Bg5 Be7 9. Bxf6 Bxf6 10. h3 Bh5 11. 0-0 g5 12. c3 g4 13. hxg4 Bxg4 14. cxd4 Nxd4 15. Qa4+ Bd7 16. Qd1 Bb5 17. Nb3 Nc6 18. Nc5 Qc8 19. Qd2 b6 20. Nb3 Qd7 21. Qh6 Qd6 22. Rfd1 0-0-0 23. Bh3+ Kb8 24. Ne1 Qe7 25. a4 Ba6 26. a5 b5 27. Rac1 Qd6 28. Qe3 Nd4 29. Nxd4 exd4 30. Qd2 Be5 31. f4 Rhg8 32. fxe5 Rxg3+ 33. Bg2 Qxe5 34. Nf3 Qg7 35. Nh4 Rh3 36. Qf4 f5 37. Rd2 Rc8 38. exf5 Bb7 39. Rcc2 Rg3 40. Kf1 Bxg2+ 41. Nxg2 h5 42. f6 Qg6 43. Qxd4 Rxg2 44. Rxg2 Qf7 45. Rg7 Qe6 46. Qc3 1/2-1/2